Stav skúmania verbo-nominálnych spojení v slovenskej lingvistike
Skúmanie verbo-nominálnych spojení v slovenskej jazykovede. Prehľad jednotlivých lingvistických diel a názorov najznámejších slovenských lingvistikov na problematiku slovesno-menných spojení typu in Frage kommen (prichádzat do úvahy), zur Verfügung stehen (dat k dispozícii) a podobne.
Gespeichert in:
| 1. Verfasser: | |
|---|---|
| Format: | Buchkapitel |
| Sprache: | Slowakisch |
| Schlagworte: | |
| Tags: |
Keine Tags, Fügen Sie das erste Tag hinzu!
|
MARC
| LEADER | 00000nla$a2200000$$$4500 | ||
|---|---|---|---|
| 001 | 0105187 | ||
| 005 | 20240502072146.4 | ||
| 041 | 0 | |a slo | |
| 044 | |a SK | ||
| 245 | 1 | 0 | |a Stav skúmania verbo-nominálnych spojení v slovenskej lingvistike |c Katarína Seresová |
| 520 | |a Skúmanie verbo-nominálnych spojení v slovenskej jazykovede. Prehľad jednotlivých lingvistických diel a názorov najznámejších slovenských lingvistikov na problematiku slovesno-menných spojení typu in Frage kommen (prichádzat do úvahy), zur Verfügung stehen (dat k dispozícii) a podobne. | ||
| 610 | 2 | 0 | |a jazykoveda |
| 610 | 2 | 0 | |a slovenčina |
| 100 | 1 | |a Seresová, Katarína, 1967- | |